Perspectives in human resource development and utilization in Nigeria : the report of the Conference on Manpower Development and Utilization in Nigeria, held at the Institute of Administration, Ahmadu Bello University, Zaria, 14th-17th January 1974 /
Saved in:
| Corporate Author: | |
|---|---|
| Other Authors: | , |
| Format: | Book |
| Language: | English |
| Published: |
Zaria :
Dept. of Research and Consultancy, Institute of Administration, Ahmadu Bello University,
[1976?]
|
| Series: | Institute conference report series.
|
| Subjects: | |
| Tags: |
Add Tag
No Tags, Be the first to tag this record!
|
| LEADER | 02837cam a2200337 i 4500 | ||
|---|---|---|---|
| 001 | 000292012-3 | ||
| 005 | 20020606090541.3 | ||
| 008 | 810501s1976 nr b f100 0 eng | ||
| 010 | |a 80115365 //r842 | ||
| 035 | 0 | |a ocm07572556 | |
| 035 | 0 | |a ocm07572556 |z ocm04404289 | |
| 040 | |a DLC |c DLC | ||
| 043 | |a f-nr--- | ||
| 050 | 0 | |a HD5848.A6 |b C66 1974 | |
| 082 | 0 | |a 331.11/09669 |2 19 | |
| 111 | 2 | |a Conference on Manpower Development and Utilization in Nigeria |d (1974 : |c Ahmadu Bello University) | |
| 245 | 1 | 0 | |a Perspectives in human resource development and utilization in Nigeria : |b the report of the Conference on Manpower Development and Utilization in Nigeria, held at the Institute of Administration, Ahmadu Bello University, Zaria, 14th-17th January 1974 / |c edited by Suleimanu Kumo and Festus Nze. |
| 260 | |a Zaria : |b Dept. of Research and Consultancy, Institute of Administration, Ahmadu Bello University, |c [1976?] | ||
| 300 | |a x, 281 p. ; |c 22 cm. | ||
| 490 | 1 | |a Institute conference report series | |
| 504 | |a Includes bibliographical references. | ||
| 505 | 0 | 0 | |t Role of the National Manpower Board : / |r F.I Oduah |g (p. 1-12.). -- |t Role of the military in national manpower development : / |r Olusegun Obasanjo |g (p. 31-39.). -- |t Role of the military in training, retraining and provision of skilled personnel for civil employment : / |r E.O Abisoye |g (p. 41-48.). -- |t The Formal education system : / |r Adamu Baikie |g (p. 71-82.). -- |t The Federal take-over of higher/university education and its implications for federal and state efforts in manpower development : / |r Albert F Ogunsola |g (p. 83-92.). -- |t Manpower and education / |r Eleazar C Iwuji |g (p. 93-99.). -- |t The Manpower implications of the Indigenization Decree : / |r Aliko M Mohammed |g (p. 135-141.). -- |t Personnel mobility, competitive employment realities in the world (brain-drain) and national integration : / |r Sule Katagum |g (p. 161-175.). -- |t Dynamics of the Nigerian brain drain / / |r Francis Oluokun Okediji |g (p. 177-185.). -- |t Inter-state mobility of manpower : / |r Ali al-Hakim |g (p. 187-195.). -- |t Promotion and co-ordination of management education and training in Nigeria / |r S.G Odia |g (p. 219-226.). -- |t Career development : / |r Abubakar Koko |g (p. 251-254.). |
| 650 | 0 | |a Manpower policy |z Nigeria |v Congresses. | |
| 650 | 0 | |a Manpower |z Nigeria |v Congresses. | |
| 655 | 7 | |a Conference proceedings. |2 fast | |
| 700 | 1 | |a Kumo, Suleimanu. | |
| 700 | 1 | |a Nze, Festus. | |
| 776 | 0 | 8 | |i Online version: |a Conference on Manpower Development and Utilization in Nigeria (1974 : Ahmadu Bello University) |t Perspectives in human resource development and utilization in Nigeria. |d Zaria : Dept. of Research and Consultancy, Institute of Administration, Ahmadu Bello University, [1976?] |w (OCoLC)903448044 |
| 830 | 0 | |a Institute conference report series. | |
| 988 | |a 20020608 | ||
| 906 | |0 DLC | ||


